| 000 | 00922nam0a22002531 4500 | ||
|---|---|---|---|
| 001 | v19\rc\1280048 | ||
| 005 | 20260405230939.0 | ||
| 035 | _a(NLR Aleph) 005200253 | ||
| 090 |
_a5302515 _c5302514 |
||
| 100 | _a20060306d1833 |||y0rusy50 ca | ||
| 101 | 0 | _arus | |
| 102 | _aRU | ||
| 105 | _ay z |||a| | ||
| 200 | 1 |
_aКартины дружеских связей _e[Роман] _fСоч. Александры Зражевской. Ч. 1-2 |
|
| 210 |
_aСанкт-Петербург _cтип. вдовы Байковой _d1833 |
||
| 215 |
_a2 т. _d20 |
||
| 700 | 1 |
_8rus _7ca _aЗражевская _bА. В. _fок.1810-1867 _gАлександра Васильевна _3RU\NLR\AUTH\77104907 _987832 |
|
| 801 | 0 |
_aRU _bNLR _c20060306 _gpsbo |
|
| 801 | 0 |
_aRU _bRuMoRGB _c20060306 _2psbo |
|
| 801 | 1 |
_aRU _bProSoft-M _c20060306 _2rusmarc |
|
| 801 | 2 |
_aRU _bNLR _c20111109 _2rusmarc |
|
| 852 |
_aNLR _j18.263.3.16 |
||
| 942 | _cBOOK | ||
| 980 | _aNB | ||